MARC details
| 000 -CABECERA |
| campo de control de longitud fija |
02172cam a22003497i 4500 |
| 001 - NÚMERO DE CONTROL |
| campo de control |
21085242 |
| 005 - FECHA Y HORA DE LA ÚLTIMA TRANSACCIÓN |
| campo de control |
20251001162528.0 |
| 008 - DATOS DE LONGITUD FIJA--INFORMACIÓN GENERAL |
| campo de control de longitud fija |
190716s2019 enka b 001 0 eng d |
| 010 ## - NÚMERO DE CONTROL DE LA BIBLIOTECA DEL CONGRESO |
| Número de control de LC |
2019300133 |
| 015 ## - NÚMERO DE BIBLIOGRAFÍA NACIONAL |
| Número de bibliografía nacional |
GBB942898 |
| Fuente |
bnb |
| 016 7# - NÚMERO DE CONTROL DE UNA AGENCIA BIBLIOGRÁFICA NACIONAL |
| Número de control del registro |
019282397 |
| Fuente |
Uk |
| 020 ## - NÚMERO INTERNACIONAL ESTÁNDAR DEL LIBRO |
| Número Internacional Estándar del Libro |
9781785924798 |
| 035 ## - NÚMERO DE CONTROL DEL SISTEMA |
| Número de control de sistema |
(OCoLC)on1057374737 |
| 040 ## - FUENTE DE LA CATALOGACIÓN |
| Centro catalogador/agencia de origen |
YDX |
| Lengua de catalogación |
eng |
| Centro/agencia transcriptor |
YDX |
| Normas de descripción |
rda |
| Centro/agencia modificador |
OCLCQ |
| -- |
UKMGB |
| -- |
OCLCO |
| -- |
OCLCF |
| -- |
LSD |
| -- |
SVP |
| -- |
YDXIT |
| -- |
OCL |
| -- |
DLC |
| 041 ## - CÓDIGO DE LENGUA |
| Código de lengua del texto/banda sonora o título independiente |
eng |
| 042 ## - CÃDIGO DE AUTENTICACIÃN |
| Código de autenticación |
lccopycat |
| 050 00 - SIGNATURA TOPOGRÁFICA DE LA BIBLIOTECA DEL CONGRESO |
| Número de clasificación |
HQ1075 |
| Número de documento/Ítem |
.B37 2019 |
| 100 ## - ENTRADA PRINCIPAL--NOMBRE DE PERSONA |
| Nombre de persona |
Barker, Meg-John, |
| Fechas asociadas al nombre |
1974- |
| Término indicativo de función/relación |
author. |
| 245 10 - MENCIÓN DE TÍTULO |
| Título |
Life isn't binary |
| Resto del título |
: on being both, beyond, and in-between |
| Mención de responsabilidad, etc. |
/ Meg-John Barker and Alex Iantaffi ; foreword by CN Lester. |
| 246 3# - FORMA VARIANTE DE TÍTULO |
| Título propio/Titulo breve |
Life is not binary |
| 264 #1 - PRODUCCIÓN, PUBLICACIÓN, DISTRIBUCIÓN, FABRICACIÓN Y COPYRIGHT |
| Producción, publicación, distribución, fabricación y copyright |
London ; |
| -- |
Philadelphia : |
| Nombre del de productor, editor, distribuidor, fabricante |
Jessica Kingsley Publishers, |
| Fecha de producción, publicación, distribución, fabricación o copyright |
2019. |
| 300 ## - DESCRIPCIÓN FÍSICA |
| Extensión |
237 pages : |
| Otras características físicas |
illustrations ; |
| Dimensiones |
22 cm |
| 504 ## - NOTA DE BIBLIOGRAFÍA, ETC. |
| Nota de bibliografía, etc. |
Includes bibliographical references and index. |
| 505 ## - NOTA DE CONTENIDO CON FORMATO |
| Nota de contenido con formato |
Sexualities —<br/>Genders —<br/>Relationships —<br/>Bodies —<br/>Emotions —<br/>Thinking. |
| 520 ## - SUMARIO, ETC. |
| Sumario, etc. |
Much of society's thinking operates in a highly rigid and binary manner; something is good or bad, right or wrong, a success or a failure, and so on. Challenging this limited way of thinking, this ground-breaking book looks at how non-binary methods of thought can be applied to all aspects of life, and offer new and greater ways of understanding ourselves and how we relate to others. Using bisexual and non-binary gender experiences as a starting point, this book addresses the key issues with binary thinking regarding our relationships, bodies, emotions, wellbeing and our sense of identity and sets out a range of practices which may help us to think in more non-binary, both/and, or uncertain ways. A truly original and insightful piece, this guide encourages reflection on how we view and understand the world we live in and how we all bend, blur or break society's binary codes. |
| 650 #0 - PUNTO DE ACCESO ADICIONAL DE MATERIA--TÉRMINO DE MATERIA |
| Término de materia o nombre geográfico como elemento de entrada |
Gender identity |
| 9 (RLIN) |
24070 |
| 650 #0 - PUNTO DE ACCESO ADICIONAL DE MATERIA--TÉRMINO DE MATERIA |
| Término de materia o nombre geográfico como elemento de entrada |
Gender expression |
| 9 (RLIN) |
13047 |
| 650 #0 - PUNTO DE ACCESO ADICIONAL DE MATERIA--TÉRMINO DE MATERIA |
| Término de materia o nombre geográfico como elemento de entrada |
Gender nonconformity. |
| 9 (RLIN) |
24374 |
| 700 ## - ENTRADA AGREGADA--NOMBRE PERSONAL |
| Nombre de persona |
Iantaffi, Alex, |
| Término indicativo de función/relación |
author. |
| 9 (RLIN) |
24907 |
| 942 ## - ELEMENTOS DE ENTRADA AGREGADA (KOHA) |
| Fuente del sistema de clasificación o colocación |
Clasificación de Library of Congress |